Top 10 des pays avec le plus de millionnaires - Statistiques

Statistiques générales
  • Ce quiz a été pris 174 fois
  • Le résultat moyen est 8 sur 10
Statistiques - réponses
Nombre de millionnaires (et part de la population du pays) Pays % Correct
24 millions (= 6,91% de la population du pays) Etats-Unis
99%
2,9 millions (= 4,23% de la population du pays) France
99%
6,3 millions (= 0,44% de la population du pays) Chine
96%
2,7 millions (= 2,17% de la population du pays) Japon
89%
2,7 millions (= 3,21% de la population du pays) Allemagne
86%
2,2 millions (= 5,29% de la population du pays) Canada
86%
2,6 millions (= 3,74% de la population du pays) Royaume-Uni
81%
1,35 millions (= 2,28% de la population du pays) Italie
79%
2,1 millions (= 7,79% de la population du pays) Australie
69%
1,3 millions (= 2,52% de la population du pays) Corée du Sud
59%
Aucun quiz correspondant
Distribution des résultats
% des personnes avec chaque résultat
Percentile par nombre de réponses
Votre historique - résultats
Vous n’avez pas pris ce quiz